00800nam a22002057a 4500003000900000008004100009040007100050082001700121100003200138245007600170260004100246300002500287505014600312650001600458650001600474650003100490650001600521650003000537650002700567AR-CdUCM190225b           ||||| |||| 00| 0 spa d  aMUNICIPALIDAD PROVINCIAL DEL CUSCOcBIBLIOTECA MUNICIPAL DEL CUSCO  a371.3 /bL64  aLimachi Qqueso, Julio Cesar  aEstrategias instruccionales :bMetodologías y técnicas educativas /  aCusco :bEdit, Universitaria;c2007.  a99 paginas ;c21 cm.  aEl método de descartes --El estudio de casos -- Factores estáticos formales -- Los objetivos curriculares -- Proyectos de aprendizaje ...  aPedagogía  aAprendizaje  aEstrategias de aprendizaje  aMetodologia  aMateriales de enseñanza  aEvaluación educativa